Một số vấn đề về thời kì quá độ ở Việt Nam

שמור ב:
מידע ביבליוגרפי
פורמט: ספר
שפה:Undetermined
יצא לאור: Hà Nội Sự thật 1984
נושאים:
תגים: הוספת תג
אין תגיות, היה/י הראשונ/ה לתייג את הרשומה!
Thư viện lưu trữ: Trung tâm Học liệu Trường Đại học Cần Thơ
LEADER 00483nam a2200145Ia 4500
001 CTU_4762
008 210402s9999 xx 000 0 und d
082 |a 335 
082 |b M456 
245 0 |a Một số vấn đề về thời kì quá độ ở Việt Nam 
260 |a Hà Nội 
260 |b Sự thật 
260 |c 1984 
650 |a communism,socialism,vietnam - economic policy - 1960 - 1986 
980 |a Trung tâm Học liệu Trường Đại học Cần Thơ